[Event "Brno Open 2021 - C FIDE open"]
[Site "Bobycentrum hotel, Brno"]
[Date "2021.11.25"]
[Round "7"]
[Board "9"]
[White "EBNER, Johann"]
[Black "HRDLICKA, Vladan"]
[Result "1-0"]
[WhiteElo "1962"]
[BlackElo "1789"]
[PlyCount "129"]
[EventDate "2021.11.20"]
[EventRounds "9"]
[EventCountry "CZE"]

1. d4 d5 2. c4 c6 3. cxd5 cxd5 4. Nf3 Nc6 5. Nc3 Nf6 6. Bf4 a6 7. e3 Bg4 8. Be2
Bxf3 9. gxf3 g6 10. Be5 Bg7 11. f4 O-O 12. Rc1 Rc8 13. O-O e6 14. Na4 Nxe5 15.
fxe5 Ne4 16. Rxc8 Qg5+ 17. Kh1 Rxc8 18. f3 Nf2+ 19. Rxf2 Qxe3 20. Rf1 Bh6 21.
Nc3 f6 22. f4 fxe5 23. fxe5 Bf4 24. Rf3 Qc1 25. Qf1 g5 26. Qxc1 Bxc1 27. Na4
Rc2 28. Rc3 Rxe2 29. Rxc1 b5 30. Nc5 Rxb2 31. Nxa6 Rxa2 32. Nc7 Kf7 33. Rf1+
Ke7 34. Nxb5 Rd2 35. Nd6 h5 36. Rf7+ Kd8 37. Rh7 h4 38. Nf7+ Kc8 39. Nxg5 Rxd4
40. Nxe6 Rd1+ 41. Kg2 Re1 42. Rxh4 Rxe5 43. Nd4 Kd7 44. Rf4 Kd6 45. h4 Re8 46.
Kf3 Rg8 47. Rg4 Rf8+ 48. Kg3 Ke5 49. Nf3+ Ke6 50. Rg5 Rd8 51. Nd4+ Kf6 52. Kf4
Rd7 53. h5 Kf7 54. Rf5+ Kg8 55. Kg5 Kh7 56. Re5 Rg7+ 57. Kh4 Rd7 58. Nf5 Kg8
59. Ne7+ Kh7 60. Nxd5 Kh6 61. Re6+ Kg7 62. Re7+ Kh6 63. Re6+ Kg7 64. Rg6+ Kh8
65. Nf6  1-0

[Event "Brno Open 2021 - C FIDE open"]
[Site "Bobycentrum hotel, Brno"]
[Date "2021.11.25"]
[Round "7"]
[Board "10"]
[White "RYCHTECKY, Pavel"]
[Black "MOSKVIN, Anatoly"]
[Result "0-1"]
[WhiteElo "1476"]
[BlackElo "2201"]
[PlyCount "24"]
[EventDate "2021.11.20"]
[EventRounds "9"]
[EventCountry "CZE"]

1. e4 e5 2. Nf3 d5 3. d4 dxe4 4. Nxe5 Bd6 5. Nc4 Nf6 6. Be2 Nc6 7. Be3 O-O 8.
O-O Nd5 9. Qd2 Nxe3 10. Qxe3 Nxd4 11. Nba3 Bf4 12. Qxe4 Bf5  0-1

[Event "Brno Open 2021 - C FIDE open"]
[Site "Bobycentrum hotel, Brno"]
[Date "2021.11.25"]
[Round "7"]
[Board "11"]
[White "THUESEN, Mogens"]
[Black "TREBICKY, Jiri"]
[Result "1-0"]
[WhiteElo "2188"]
[BlackElo "1723"]
[PlyCount "55"]
[EventDate "2021.11.20"]
[EventRounds "9"]
[EventCountry "CZE"]

1. d4 Nf6 2. c4 g6 3. Nc3 d5 4. cxd5 Nxd5 5. e4 Nxc3 6. bxc3 Bg7 7. Bc4 c5 8.
Ne2 O-O 9. O-O Nc6 10. Be3 cxd4 11. cxd4 b6 12. Rc1 Bb7 13. h4 Rc8 14. h5 e6
15. Qd2 Qe7 16. Bg5 Bf6 17. Bxf6 Qxf6 18. Qe3 Rfd8 19. Rfd1 Ne7 20. Ng3 Qh4 21.
h6 g5 22. Qa3 Nc6 23. d5 Na5 24. dxe6 Rxd1+ 25. Rxd1 Nxc4 26. Qe7 Qxh6 27.
exf7+ Kh8 28. Rd8+  1-0

[Event "Brno Open 2021 - C FIDE open"]
[Site "Bobycentrum hotel, Brno"]
[Date "2021.11.26"]
[Round "8"]
[Board "1"]
[White "SVOBODOVA, Michaela"]
[Black "JIRUSE, Josef"]
[Result "1-0"]
[WhiteElo "1934"]
[BlackElo "1962"]
[PlyCount "79"]
[EventDate "2021.11.20"]
[EventRounds "9"]
[EventCountry "CZE"]

1. e4 c6 2. d4 g6 3. c4 d6 4. Nc3 Bg7 5. Be3 a6 6. Qd2 b5 7. Nf3 Nd7 8. Be2 Bb7
9. O-O h5 10. b4 Ngf6 11. h3 bxc4 12. Bxc4 d5 13. Bb3 a5 14. e5 Ng8 15. Ng5 e6
16. b5 Ne7 17. Ba4 Rc8 18. bxc6 Bxc6 19. Bxc6 Rxc6 20. Nb5 Nf5 21. Rac1 Qb6 22.
Rxc6 Qxc6 23. Qxa5 O-O 24. Rc1 Qa8 25. Qc7 Nb8 26. Nd6 Nh6 27. Rb1 Nc6 28. Rb7
Nxe5 29. Nxe6 Qa4 30. dxe5 Bxe5 31. g3 Qd1+ 32. Kg2 Nf5 33. Bf4 Qe2 34. Nxf8
Nxd6 35. Bxe5 Qxe5 36. Nd7 Qe4+ 37. Kh2 Qf3 38. Rb8+ Kg7 39. Qc5 h4 40. Qd4+
 1-0

[Event "Brno Open 2021 - C FIDE open"]
[Site "Bobycentrum hotel, Brno"]
[Date "2021.11.26"]
[Round "8"]
[Board "3"]
[White "SHARON, Rafael"]
[Black "BARAK, David"]
[Result "0-1"]
[WhiteElo "1810"]
[BlackElo "2097"]
[PlyCount "92"]
[EventDate "2021.11.20"]
[EventRounds "9"]
[EventCountry "CZE"]

1. e4 c5 2. Nf3 a6 3. g3 b5 4. Bg2 Bb7 5. d3 e6 6. Be3 Nf6 7. O-O Be7 8. Nbd2
O-O 9. h3 d5 10. e5 Nfd7 11. c3 Nc6 12. d4 Qc7 13. Qe2 a5 14. Rfc1 Ba6 15. Nh2
b4 16. Qg4 Bd3 17. h4 Rfc8 18. Nb3 c4 19. Nd2 bxc3 20. Rxc3 Rab8 21. Nhf3 Rxb2
22. a3 Rcb8 23. Ne1 Bf5 24. Qf4 Bg6 25. g4 h6 26. Qg3 Nxd4 27. Bxd4 Rxd2 28.
Nf3 Rd3 29. Qf4 Rxc3 30. Bxc3 Nc5 31. h5 Be4 32. g5 Bxf3 33. gxh6 Bxh5 34. hxg7
Kxg7 35. Bd2 Rh8 36. Rb1 Bg6 37. Rb5 Nd3 38. Qd4 Bc5 39. Qc3 Bxf2+ 40. Kf1 Bb6
41. Bg5 Rh5 42. Bf6+ Kh7 43. Bf3 Rf5 44. Kg2 Nxe5 45. Rxb6 Rxf6 46. Rb1 Bxb1
 0-1

[Event "Brno Open 2021 - C FIDE open"]
[Site "Bobycentrum hotel, Brno"]
[Date "2021.11.26"]
[Round "8"]
[Board "5"]
[White "MOSKVIN, Anatoly"]
[Black "GURACK, Daniel"]
[Result "1-0"]
[WhiteElo "2201"]
[BlackElo "2076"]
[PlyCount "79"]
[EventDate "2021.11.20"]
[EventRounds "9"]
[EventCountry "CZE"]

1. e4 e6 2. d3 d5 3. Nd2 Nf6 4. Ngf3 Be7 5. g3 c5 6. Bg2 Nc6 7. O-O O-O 8. e5
Nd7 9. Re1 Qc7 10. Qe2 b5 11. Nf1 a5 12. h4 b4 13. h5 Ba6 14. h6 g6 15. c3 a4
16. a3 bxc3 17. bxc3 Rfb8 18. Bf4 c4 19. d4 Rb3 20. Ne3 Nb6 21. Qc2 Bxa3 22.
Ra2 Bb4 23. Nd1 Bf8 24. Nd2 Bb7 25. Ra1 Rb5 26. Bg5 Na5 27. f4 Nb3 28. Ra2 Nxd2
29. Qxd2 a3 30. Bh3 Na4 31. f5 Re8 32. fxe6 fxe6 33. Rf1 Bc8 34. Qc2 Rb3 35.
Rf6 Kh8 36. Rxg6 hxg6 37. Qxg6 Re7 38. Bf6+ Bg7 39. hxg7+ Rxg7 40. Qe8+  1-0

[Event "Brno Open 2021 - C FIDE open"]
[Site "Bobycentrum hotel, Brno"]
[Date "2021.11.26"]
[Round "8"]
[Board "6"]
[White "JANOUS, Petr"]
[Black "THUESEN, Mogens"]
[Result "0-1"]
[WhiteElo "1979"]
[BlackElo "2188"]
[PlyCount "62"]
[EventDate "2021.11.20"]
[EventRounds "9"]
[EventCountry "CZE"]

1. e4 e6 2. d4 d5 3. exd5 exd5 4. Nf3 Bd6 5. c4 c6 6. Nc3 Ne7 7. cxd5 cxd5 8.
Bb5+ Nbc6 9. O-O O-O 10. h3 Bf5 11. Bd3 Bc7 12. Bxf5 Nxf5 13. Qd3 Qd7 14. a3
Rfe8 15. Bd2 Bb6 16. Ne2 Re4 17. Bc3 Rae8 18. Rae1 Bc7 19. Ng5 Qd6 20. f4 Qg6
21. Nxe4 dxe4 22. Qb5 Bb6 23. Kh2 Rd8 24. Rg1 h6 25. a4 Bxd4 26. Bxd4 Ncxd4 27.
Nxd4 Qg3+ 28. Kh1 Nxd4 29. Qh5 f5 30. Rd1 Kh7 31. b3 g6  0-1

[Event "Brno Open 2021 - C FIDE open"]
[Site "Bobycentrum hotel, Brno"]
[Date "2021.11.26"]
[Round "8"]
[Board "7"]
[White "TAJOVSKY, Matej"]
[Black "EBNER, Johann"]
[Result "0-1"]
[WhiteElo "2113"]
[BlackElo "1962"]
[PlyCount "122"]
[EventDate "2021.11.20"]
[EventRounds "9"]
[EventCountry "CZE"]

1. e4 e6 2. d4 d5 3. Nd2 dxe4 4. Nxe4 Nd7 5. Nf3 Ngf6 6. Bd3 Nxe4 7. Bxe4 Nf6
8. Bg5 Qd6 9. Bd3 Bd7 10. c4 Bc6 11. Bxf6 gxf6 12. d5 exd5 13. cxd5 Bxd5 14.
Qe2+ Qe6 15. O-O-O Qxe2 16. Bxe2 O-O-O 17. b3 Ba3+ 18. Kc2 Be4+ 19. Kc3 Bc5 20.
Bc4 Rxd1 21. Rxd1 Rd8 22. Rxd8+ Kxd8 23. Bxf7 Bxf2 24. Bc4 a5 25. a3 Ke7 26.
Be2 Kd6 27. g3 c6 28. Kb2 Be3 29. Kc3 b5 30. Bd1 Kd5 31. Be2 Bc1 32. b4 a4 33.
Nd2 Bxd2+ 34. Kxd2 Kd4 35. Bf1 Bd5 36. Bd3 h6 37. h4 Bc4 38. Bg6 c5 39. bxc5
Kxc5 40. Kc3 Kd5 41. Kb4 Kd4 42. Be8 Ke3 43. Bxb5 Bxb5 44. Kxb5 Kf3 45. Kxa4
Kxg3 46. Kb4 f5 47. a4 f4 48. a5 f3 49. a6 f2 50. a7 f1=Q 51. a8=Q Qf4+ 52. Kc3
Kxh4 53. Kd3 h5 54. Ke2 Kg3 55. Qa3+ Kg4 56. Qd3 h4 57. Qb3 h3 58. Qg8+ Kh4 59.
Qg1 h2 60. Qh1 Kh3 61. Qd5 Qg4+  0-1

[Event "Brno Open 2021 - C FIDE open"]
[Site "Bobycentrum hotel, Brno"]
[Date "2021.11.26"]
[Round "8"]
[Board "8"]
[White "SALERNO, Christian"]
[Black "STRAPEC, Lukas"]
[Result "1-0"]
[WhiteElo "2048"]
[BlackElo "1868"]
[PlyCount "47"]
[EventDate "2021.11.20"]
[EventRounds "9"]
[EventCountry "CZE"]

1. d4 Nf6 2. Nc3 d5 3. Bf4 Bf5 4. f3 e6 5. g4 Bg6 6. h4 h6 7. e3 c5 8. Bd3 Bxd3
9. Qxd3 Nc6 10. O-O-O c4 11. Qf1 Bb4 12. Nge2 Qa5 13. Kb1 b5 14. e4 Bxc3 15.
Nxc3 b4 16. exd5 bxc3 17. dxc6 Nd5 18. Bd6 cxb2 19. Qxc4 Nc3+ 20. Kxb2 Nxd1+
21. Rxd1 Qb6+ 22. Ka1 Rc8 23. d5 exd5 24. Qe2+  1-0

[Event "Brno Open 2021 - C FIDE open"]
[Site "Bobycentrum hotel, Brno"]
[Date "2021.11.26"]
[Round "8"]
[Board "9"]
[White "ZUZIAK, Petr"]
[Black "BENES, Miroslav"]
[Result "1-0"]
[WhiteElo "1781"]
[BlackElo "1988"]
[PlyCount "101"]
[EventDate "2021.11.20"]
[EventRounds "9"]
[EventCountry "CZE"]

1. d4 g6 2. Nf3 Bg7 3. c4 d6 4. Nc3 Nf6 5. Bg5 h6 6. Bh4 O-O 7. e3 Na6 8. Be2
c5 9. O-O g5 10. Bg3 Nh5 11. a3 cxd4 12. Nxd4 Nxg3 13. hxg3 Nc7 14. Qc2 e6 15.
Rad1 Qe7 16. Ndb5 Nxb5 17. Nxb5 Rd8 18. Rd2 a6 19. Nc3 Bd7 20. Rfd1 Bc6 21. b4
Rac8 22. Na4 b5 23. Nb6 Rc7 24. c5 d5 25. g4 Rf8 26. Bd3 h5 27. Bh7+ Kh8 28.
gxh5 f5 29. Bg6 g4 30. g3 Be5 31. Re1 Qf6 32. Rd3 Rg7 33. Qd2 Rxg6 34. hxg6
Qxg6 35. Rd4 Bc7 36. Qc3 Kg8 37. Kf1 Rf7 38. Ke2 e5 39. Rxd5 f4 40. gxf4 exf4
41. Rh1 Rg7 42. Qb3 Qf7 43. Rh6 g3 44. Rxc6 g2 45. Rxc7 f3+ 46. Kd2 g1=Q 47.
Rd8+ Kh7 48. Rxf7 Qxf2+ 49. Kd3 Qf1+ 50. Ke4 Qg2 51. Rxg7+  1-0

[Event "Brno Open 2021 - C FIDE open"]
[Site "Bobycentrum hotel, Brno"]
[Date "2021.11.26"]
[Round "8"]
[Board "10"]
[White "HRDLICKA, Vladan"]
[Black "MORKUNAS, Gustas"]
[Result "0-1"]
[WhiteElo "1789"]
[BlackElo "1907"]
[PlyCount "94"]
[EventDate "2021.11.20"]
[EventRounds "9"]
[EventCountry "CZE"]

1. Nf3 Nf6 2. c4 g6 3. Nc3 Bg7 4. d4 O-O 5. e4 d6 6. g3 e5 7. Bg2 Nbd7 8. O-O
c6 9. h3 Re8 10. d5 Nc5 11. Ne1 a5 12. Be3 cxd5 13. Bxc5 dxc5 14. cxd5 Bd7 15.
Nd3 Rc8 16. a4 c4 17. Nc1 Qb6 18. Qd2 Bf8 19. Kh2 Nh5 20. N1e2 Bc5 21. Ng1 Kg7
22. Nf3 h6 23. Nh4 Qd6 24. Bf3 Nf6 25. Ng2 Bb4 26. Qe2 Nh7 27. Ne3 Qc5 28. Bg2
f5 29. exf5 gxf5 30. Qh5 Rf8 31. Rac1 Qe7 32. Nb5 f4 33. Ng4 Bxg4 34. Qxg4+ Kh8
35. Qh5 Qf6 36. h4 Qg7 37. Bh3 Rcd8 38. gxf4 Rxf4 39. Qe2 Rxh4 40. Rxc4 Rxc4
41. Qxc4 Ng5 42. Bg2 Bd2 43. d6 Bf4+ 44. Kh1 Qf6 45. Qc7 Rg8 46. Qe7 Qg6 47.
Rd1 Qh5+  0-1

[Event "Brno Open 2021 - C FIDE open"]
[Site "Bobycentrum hotel, Brno"]
[Date "2021.11.26"]
[Round "8"]
[Board "11"]
[White "KOMAREK, Tobias"]
[Black "SEPSI, Jakub"]
[Result "0-1"]
[WhiteElo "1239"]
[BlackElo "1553"]
[PlyCount "116"]
[EventDate "2021.11.20"]
[EventRounds "9"]
[EventCountry "CZE"]

1. c4 e6 2. d4 d5 3. cxd5 exd5 4. Nc3 Nf6 5. Bg5 Be7 6. g3 h6 7. Bf4 O-O 8. Bg2
a6 9. Nf3 Nc6 10. O-O Bf5 11. Ne5 Nb8 12. Rc1 c6 13. Qb3 Bc8 14. Na4 Nbd7 15.
Nxd7 Nxd7 16. Rc2 Bg5 17. Bxg5 Qxg5 18. Nc5 Nxc5 19. Rxc5 Qd2 20. e3 a5 21.
Rfc1 Qb4 22. Qc2 Be6 23. Qc3 Qxc3 24. R5xc3 a4 25. b3 axb3 26. axb3 Ra3 27. b4
Rfa8 28. Rxa3 Rxa3 29. e4 Rb3 30. exd5 cxd5 31. f4 Rxb4 32. f5 Bxf5 33. Bxd5
Rxd4 34. Bxb7 Bh3 35. Ra1 g6 36. Bg2 Bxg2 37. Kxg2 Rd2+ 38. Kg1 Kg7 39. Rf1 f6
40. Rf2 Rd4 41. Kg2 g5 42. Re2 Kg6 43. Rf2 Rd3 44. Kg1 h5 45. Rg2 Rd1+ 46. Kf2
Rd2+ 47. Kg1 Rxg2+ 48. Kxg2 g4 49. Kf2 Kg5 50. Ke2 h4 51. Kf2 f5 {[%emt 0:00:
00]} 52. Ke3 hxg3 53. hxg3 Kf6 54. Kd4 Ke6 55. Kd3 Kd5 56. Ke3 Ke5 57. Kf2 Kd4
58. Ke2 Ke4  0-1

[Event "Brno Open 2021 - C FIDE open"]
[Site "Bobycentrum hotel, Brno"]
[Date "2021.11.26"]
[Round "8"]
[Board "13"]
[White "BADRAKOVA, Kseniya"]
[Black "BRUHN, Peter"]
[Result "1/2-1/2"]
[WhiteElo "1420"]
[BlackElo "1876"]
[PlyCount "99"]
[EventDate "2021.11.20"]
[EventRounds "9"]
[EventCountry "CZE"]

1. c4 Nf6 2. Nc3 g6 3. e4 d6 4. g3 Bg7 5. Bg2 O-O 6. Nge2 c6 7. O-O e5 8. d4
Nbd7 9. d5 c5 10. h3 Ne8 11. f4 f5 12. Rb1 Ndf6 13. Kh2 Qd7 14. exf5 gxf5 15.
fxe5 dxe5 16. Be3 b6 17. a3 Nd6 18. b3 Qe8 19. Qd2 Qg6 20. Bg5 Bd7 21. Ng1 Rae8
22. Nf3 Nfe4 23. Nxe4 Nxe4 24. Qc1 Bf6 25. Bh4 Bxh4 26. gxh4 Qg3+ 27. Kg1 f4
28. Qe1 Bf5 29. Rc1 Rf6 30. Ng5 Rg6 31. Rf3 Qxe1+ 32. Rxe1 Ng3 33. Rxf4 h6 34.
Rf3 hxg5 35. Rxg3 gxh4 36. Rxg6+ Bxg6 37. Be4 Bh5 38. Bf5 Kf7 39. Be6+ Kf6 40.
Re4 a5 41. Rxh4 Bd1 42. Bd7 Rg8+ 43. Kf2 Bxb3 44. Bb5 Rg6 45. d6 Rg8 46. d7 Bc2
47. Rh6+ Bg6 48. Rh4 Bf5 49. Rh6+ Bg6 50. Rh4  1/2-1/2

[Event "Brno Open 2021 - C FIDE open"]
[Site "Bobycentrum hotel, Brno"]
[Date "2021.11.27"]
[Round "9"]
[Board "1"]
[White "STANCIK, Jakub"]
[Black "SVOBODOVA, Michaela"]
[Result "1/2-1/2"]
[WhiteElo "2079"]
[BlackElo "1934"]
[PlyCount "74"]
[EventDate "2021.11.20"]
[EventRounds "9"]
[EventCountry "CZE"]

1. e4 c5 2. Nf3 e6 3. d4 cxd4 4. Nxd4 a6 5. Bd3 Bc5 6. Nb3 Ba7 7. Qe2 Nc6 8.
Be3 Bxe3 9. Qxe3 Nge7 10. c4 d6 11. O-O e5 12. Nc3 Be6 13. Rfd1 O-O 14. Nd5 f5
15. exf5 Bxf5 16. c5 Bxd3 17. Nxe7+ Qxe7 18. cxd6 Qxd6 19. Rxd3 Qf6 20. Rad1
Rad8 21. f3 Rxd3 22. Rxd3 Rd8 23. Rxd8+ Qxd8 24. Qe4 h6 25. h3 Qb6+ 26. Kf1
Qb5+ 27. Kf2 a5 28. Qe2 Qb4 29. Qd2 Qh4+ 30. Ke2 a4 31. Qd5+ Kh8 32. Nc5 Qb4
33. Nd3 Nd4+ 34. Ke3 Nf5+ 35. Ke2 Nd4+ 36. Ke3 Nf5+ 37. Ke2 Nd4+  1/2-1/2

[Event "Brno Open 2021 - C FIDE open"]
[Site "Bobycentrum hotel, Brno"]
[Date "2021.11.27"]
[Round "9"]
[Board "2"]
[White "BARAK, David"]
[Black "JIRES, Jiri"]
[Result "1/2-1/2"]
[WhiteElo "2097"]
[BlackElo "2153"]
[PlyCount "22"]
[EventDate "2021.11.20"]
[EventRounds "9"]
[EventCountry "CZE"]

1. d4 Nf6 2. c4 g6 3. Nc3 Bg7 4. e4 d6 5. Nf3 O-O 6. Be2 e5 7. d5 a5 8. h3 Na6
9. Bg5 Nc5 10. Nd2 Bd7 11. O-O c6  1/2-1/2

[Event "Brno Open 2021 - C FIDE open"]
[Site "Bobycentrum hotel, Brno"]
[Date "2021.11.27"]
[Round "9"]
[Board "3"]
[White "THUESEN, Mogens"]
[Black "BOKHNAK, Timofey"]
[Result "1-0"]
[WhiteElo "2188"]
[BlackElo "1855"]
[PlyCount "61"]
[EventDate "2021.11.20"]
[EventRounds "9"]
[EventCountry "CZE"]

1. d4 d5 2. c4 e6 3. Nc3 Be7 4. Nf3 Nf6 5. Bg5 h6 6. Bxf6 Bxf6 7. e3 O-O 8.
cxd5 exd5 9. Bd3 b6 10. O-O c5 11. dxc5 Bxc3 12. bxc3 bxc5 13. c4 Be6 14. cxd5
Bxd5 15. Rc1 Nd7 16. Bf5 Nb6 17. Rxc5 Bxa2 18. Qc2 Be6 19. Bxe6 fxe6 20. Nd4
Rf6 21. Qa2 Qe7 22. Rfc1 Nd5 23. Rxd5 Raf8 24. Re5 Rxf2 25. Qxe6+ Qxe6 26. Nxe6
R8f6 27. Rc8+ Kh7 28. Nf4 Rb2 29. Ree8 Rb1+ 30. Kf2 Rb2+ 31. Kf3  1-0

[Event "Brno Open 2021 - C FIDE open"]
[Site "Bobycentrum hotel, Brno"]
[Date "2021.11.27"]
[Round "9"]
[Board "5"]
[White "SALERNO, Christian"]
[Black "ZUZIAK, Petr"]
[Result "1-0"]
[WhiteElo "2048"]
[BlackElo "1781"]
[PlyCount "59"]
[EventDate "2021.11.20"]
[EventRounds "9"]
[EventCountry "CZE"]

1. e4 Nc6 2. Nf3 d6 3. d4 Bg4 4. Be2 Nf6 5. Nc3 e6 6. Be3 Be7 7. h3 Bxf3 8.
Bxf3 d5 9. O-O h6 10. Re1 O-O 11. a3 Re8 12. Qd3 Rc8 13. exd5 exd5 14. Qb5 Qd6
15. Nxd5 Nxd5 16. Bxd5 Nxd4 17. Bxd4 c6 18. Bxf7+ Kxf7 19. Qf5+ Kg8 20. Bxa7
Bf6 21. Bc5 Qd5 22. Qxd5+ cxd5 23. Rxe8+ Rxe8 24. c3 Re2 25. Rb1 Rc2 26. Kf1 b5
27. Ke1 Bg5 28. g3 Kf7 29. h4 Be7 30. Kd1  1-0

[Event "Brno Open 2021 - C FIDE open"]
[Site "Bobycentrum hotel, Brno"]
[Date "2021.11.27"]
[Round "9"]
[Board "6"]
[White "EBNER, Johann"]
[Black "SHARON, Rafael"]
[Result "0-1"]
[WhiteElo "1962"]
[BlackElo "1810"]
[PlyCount "90"]
[EventDate "2021.11.20"]
[EventRounds "9"]
[EventCountry "CZE"]

1. d4 d5 2. c4 c6 3. cxd5 cxd5 4. Nf3 Nf6 5. Nc3 Nc6 6. Bf4 a6 7. e3 Bg4 8. Be2
e6 9. h3 Bh5 10. O-O Bd6 11. Bg5 O-O 12. Re1 h6 13. Bh4 b5 14. Rc1 Rc8 15. a3
g5 16. Bg3 Bxg3 17. fxg3 Qd6 18. g4 Bg6 19. Bd3 Ne4 20. Bxe4 dxe4 21. Nd2 f5
22. gxf5 exf5 23. Qb3+ Bf7 24. Qd1 Na5 25. Ndxe4 fxe4 26. Nxe4 Qg6 27. Rxc8
Rxc8 28. Qf3 Nc4 29. Rf1 Rf8 30. Nf6+ Kg7 31. Rf2 Nd2 32. Qb7 Qb1+ 33. Kh2 Nf1+
34. Rxf1 Qxf1 35. Nh5+ Kg8 36. Qxa6 Bxh5 37. Qxh6 Qf7 38. Qxg5+ Bg6 39. Qxb5
Qc7+ 40. Kg1 Qc1+ 41. Kh2 Qxe3 42. Qd5+ Kh7 43. Qd7+ Rf7 44. Qd8 Qf4+ 45. Kg1
Be4  0-1

[Event "Brno Open 2021 - C FIDE open"]
[Site "Bobycentrum hotel, Brno"]
[Date "2021.11.27"]
[Round "9"]
[Board "8"]
[White "GURACK, Daniel"]
[Black "JIRUSE, Josef"]
[Result "1-0"]
[WhiteElo "2076"]
[BlackElo "1962"]
[PlyCount "59"]
[EventDate "2021.11.20"]
[EventRounds "9"]
[EventCountry "CZE"]

1. e4 c5 2. Nf3 Nc6 3. d4 cxd4 4. Nxd4 g6 5. Be3 Nf6 6. Nc3 Bg7 7. g3 O-O 8.
Bg2 Re8 9. O-O e6 10. Re1 d5 11. exd5 Nxd5 12. Nxd5 exd5 13. c3 Be6 14. Qd2 Rc8
15. Rad1 Qa5 16. a3 Ne5 17. Nb3 Qb5 18. Nd4 Qd7 19. Nxe6 fxe6 20. Bd4 Nc4 21.
Qc1 b6 22. Bxg7 Kxg7 23. Re2 a5 24. b3 Nd6 25. Qb2 Kf7 26. Bh3 Qc6 27. Rc1 Rc7
28. Bg2 Qc5 29. c4 dxc4 30. Re5  1-0

[Event "Brno Open 2021 - C FIDE open"]
[Site "Bobycentrum hotel, Brno"]
[Date "2021.11.27"]
[Round "9"]
[Board "10"]
[White "RYCHTECKY, Pavel"]
[Black "JANOUS, Petr"]
[Result "0-1"]
[WhiteElo "1476"]
[BlackElo "1979"]
[PlyCount "44"]
[EventDate "2021.11.20"]
[EventRounds "9"]
[EventCountry "CZE"]

1. e4 d5 2. exd5 Qxd5 3. Nc3 Qd6 4. d4 Nf6 5. Be2 Nc6 6. Be3 a6 7. a3 Bf5 8. g4
Bg6 9. g5 Ne4 10. Nxe4 Bxe4 11. f3 Bf5 12. Qd2 O-O-O 13. Rd1 h6 14. f4 hxg5 15.
Bf3 gxf4 16. Bxf4 Qxd4 17. Bxc6 Qxd2+ 18. Rxd2 bxc6 19. Nf3 Rxd2 20. Kxd2 f6
21. Be3 Be4 22. Rf1 Bxf3  0-1

[Event "Brno Open 2021 - C FIDE open"]
[Site "Bobycentrum hotel, Brno"]
[Date "2021.11.27"]
[Round "9"]
[Board "11"]
[White "STRAPEC, Lukas"]
[Black "OCHEDZAN, Filip"]
[Result "1/2-1/2"]
[WhiteElo "1868"]
[BlackElo "1685"]
[PlyCount "65"]
[EventDate "2021.11.20"]
[EventRounds "9"]
[EventCountry "CZE"]

1. d4 d5 2. c4 dxc4 3. Nf3 Nf6 4. e3 e6 5. Bxc4 c5 6. O-O a6 7. a4 Nc6 8. Nc3
cxd4 9. exd4 Be7 10. d5 exd5 11. Nxd5 Nxd5 12. Bxd5 O-O 13. Bxc6 bxc6 14. Qc2
Qc7 15. Be3 Be6 16. Ng5 Bxg5 17. Bxg5 Bd5 18. Ra3 Rae8 19. Rg3 Re6 20. Qc3 Rg6
21. Rd1 Re8 22. Be3 Rxg3 23. hxg3 Qe7 24. Qd3 Qe6 25. Qxa6 Qe4 26. Qf1 Qxa4 27.
Rd4 Qa8 28. Rg4 Qc8 29. Rd4 Qe6 30. b4 Rb8 31. Qe1 h6 32. Qc3 f5 33. Qe1
 1/2-1/2